Statistics for Which European country...?

Click here to take the quiz!

General Stats

  • This quiz has been taken 63 times
  • The average score is 9 of 12

Answer Stats

Question Answer % Correct
...is the birth country of Wolfgang Amadeus Mozart?Austria
100%
...is famous for tulips?Netherlands
100%
...is NOT a landlocked country?Croatia
95%
...has the northernmost capital in Europe?Iceland
95%
...is among the founders of the European Union?Germany
88%
...is the country where Nobel Prize Ceremonies are held?Sweden
82%
...won the men's FIFA World Cup in 2018?France
77%
...does NOT have blue in its flag?Lithuania
75%
...borders more than 6 countries?Serbia
61%
...is the country where Lake Balaton is located?Hungary
60%
...does NOT use the Euro as their official currency?Poland
49%
...won the first Eurovision Song Contest?Switzerland
25%

Score Distribution

Percentile by Number Answered

Percent of People with Each Score

Your Score History

You have not taken this quiz